000 00554nam a2200193Ia 4500
003 GCL
008 140319s9999 xx 000 0 eng d
040 _aGCL /
_cGCL
082 0 4 _a004.6
_bF B
100 1 _aFITZFERALD, JERRY
245 1 0 _aBUSINESS DATA COMMUNICATIONS: BASIC CONCEPTS, SECURITY, AND DESIGN /
_cFITZFERALD, JERRY
260 _a[S.N] :
_bJOHN WILEY AND SONS. INC ،
_c1993
300 _a772 P
650 0 4 _aAUTOMATION
650 0 4 _aDATA TRANSMISSION
650 0 4 _aOFFICE PRACTICE
650 0 4 _aCOMPUTER - NETWORKS
942 _2ddc
_cBK
999 _c22549
_d22549